Sporcle Categorical Literature Quiz Stats

 Plays Quiz Updated Apr 12, 2019

Score 0/45 Timer 06:00
3 Plays Today
Category Missing Word % Correct
Just for Fun
Colors
Red
95.7%
Sports
U.S. Sports Teams: MLB, NFL, & NBA
Giant(s)
95.5%
Miscellaneous
Numbers
Fifty
95.3%
Just for Fun
Colors
Green
94.6%
Miscellaneous
Numbers
Five
94.5%
Religion
Nativity Characters
Mary
91.7%
Sports
U.S. Sports Teams: MLB, NFL, & NBA
Sun(s)
90.8%
Religion
Nativity Characters
Joseph
88.6%
Science
Planets
Earth
88.5%
Holiday
U.S. Federal Holidays
Martin Luther King, Jr. Day
88.1%
Literature
Authors
J.K. Rowling
87.9%
Entertainment
Superheroes
Superman
87.5%
Science
Planets
Mercury
86.9%
Literature
Authors
Dr. Seuss
86.3%
Television
One-Word TV Shows
Salem
85.8%
Science
Planets
Mars
85.7%
Music
Music Icons
Elvis Presley
85.4%
History
Inventors
Alexander Graham Bell
83.8%
Language
Children's Books en Español
Goodnight Moon
83.3%
Language
Children's Books en Español
Curious George
82.8%
Literature
Authors
Charles Dickens
82.6%
History
Inventors
Wright Brothers
82%
Miscellaneous
Numbers
Seven
80.3%
Category Missing Word % Correct
History
Inventors
Thomas Edison
80.2%
Gaming
Toys
Barbie
78.7%
Music
Music Icons
Billy Joel
76.7%
Movies
Directors
George Lucas
76.3%
Television
One-Word TV Shows
Friends
74.8%
Geography
Fictional Places
Gotham
74.7%
Holiday
U.S. Federal Holidays
Columbus Day
74.5%
Geography
Fictional Places
Narnia
74.3%
Sports
U.S. Sports Teams: MLB, NFL, & NBA
Indian(s)
72.7%
Music
Music Icons
Johnny Cash
72%
Entertainment
Superheroes
Wonder Woman
70.7%
Just for Fun
Colors
White
69.1%
Holiday
U.S. Federal Holidays
Presidents' Day
68.1%
Gaming
Toys
Yo-Yo
67.4%
Gaming
Toys
LEGO
66.7%
Entertainment
Superheroes
Wolverine
66.6%
Movies
Directors
James Cameron
64.3%
Religion
Nativity Characters
Shepherds
63.8%
Geography
Fictional Places
Neverland
62.9%
Television
One-Word TV Shows
Bones
60.3%
Movies
Directors
Peter Jackson
56.7%
Language
Children's Books en Español
Go, Dog. Go!
47.8%

You're not logged in!

Compare scores with friends on all Sporcle quizzes.
OR
Log In

Sporcle TV

Today on Sporcle TV


Watch our educational content, quiz creation guides, and fun videos on Sporcle TV.

Show Comments

Extras

Top Quizzes Today


Score Distribution

Your Account Isn't Verified!

In order to create a playlist on Sporcle, you need to verify the email address you used during registration. Go to your Sporcle Settings to finish the process.

Report this User

Report this user for behavior that violates our Community Guidelines.

Details: